Sondage : Quel est votre club préféré de ligue 1 ? - Statistiques

Statistiques générales
  • Ce quiz a été pris 268 fois
    144 depuis la dernière actualisation
  • Le résultat moyen est 7 sur 18
Statistiques - réponses
Club Réponse Réponse % Correct
PSG A A
55%
OL C C
53%
OM B B
51%
LOSC D D
43%
RCSA H H
43%
Monaco E E
41%
Lorient L L
40%
Rennes F F
38%
Montpellier G G
38%
Reims I I
38%
Lens J J
38%
Le Havre N N
38%
Clermont R R
36%
Nice S S
36%
Nantes Q Q
35%
Metz M M
34%
Toulouse T T
34%
Brest K K
33%
Aucun quiz correspondant
Distribution des résultats
% des personnes avec chaque résultat
Percentile par nombre de réponses
Votre historique - résultats
Vous n’avez pas pris ce quiz depuis la dernière actualisation